Surnoms des clubs de Premier League (2025-2026) - Statistiques

Statistiques générales
  • Ce quiz a été pris 293 fois
  • Le résultat moyen est 11 sur 20
Statistiques - réponses
Équipe Surnom % Correct
Arsenal the Gunners
93%
Chelsea the Blues
92%
Manchester United the Red Devils
91%
Liverpool the Reds
91%
Manchester City the Citizens
86%
Tottenham the Spurs
81%
Wolverhampton the Wolves
77%
West Ham the Hammers
72%
Brentford the Bees
62%
Aston Villa the Villans
62%
Newcastle the Magpies
54%
Crystal Palace the Eagles
52%
Bournemouth the Cherries
47%
Brighton the Seagulls
41%
Everton the Toffees
39%
Fulham the Cottagers
32%
Sunderland the Black Cats
21%
Nottingham Forest Forest
18%
Burnley the Clarets
14%
Leeds United the Peacocks
6%
Aucun quiz correspondant
Distribution des résultats
% des personnes avec chaque résultat
Percentile par nombre de réponses
Votre historique - résultats
Vous n’avez pas pris ce quiz